01066nam a2200265 a 4500001001200000003000800012006001900020007001500039008004100054020001800095040002100113035002100134050002600155100001800181245007900199246007200278250001700350260005000367300001900417533015200436650004000588655002900628710001700657856012600674ebr10416174CaPaEBRm u cr cn|||||||||101005s2010 ii ad s 000 0 eng d z9789350243497 aCaPaEBRcCaPaEBR a(OCoLC)69629796714aHD2755.5b.R36 2010eb1 aSubba Rao, P.10aInternational business environmenth[electronic resource] /cP. Subba Rao.14aInternational business environment :b[including skill development] a2nd rev. ed. aMumbai [India] :bHimalaya Pub. House,c2010. a284 p. :bill. aElectronic reproduction.bPalo Alto, Calif. :cebrary,d2010.nAvailable via World Wide Web.nAccess may be limited to ebrary affiliated libraries. 0aInternational business enterprises. 7aElectronic books.2local2 aebrary, Inc.40uhttp://site.ebrary.com/lib/rucke/Doc?id=10416174zAn electronic book accessible through the World Wide Web; click to view